Encyclopedia of meat sciences / (Record no. 1324)

MARC details
000 -LEADER
fixed length control field 01215nam a22003017a 4500
001 - CONTROL NUMBER
control field 13223141
003 - CONTROL NUMBER IDENTIFIER
control field OSt
005 - DATE AND TIME OF LATEST TRANSACTION
control field 20240626095830.0
008 - FIXED-LENGTH DATA ELEMENTS--GENERAL INFORMATION
fixed length control field 240626b |||||||| |||| 00| 0 eng d
010 ## - LIBRARY OF CONGRESS CONTROL NUMBER
LC control number 2003107672
020 ## - INTERNATIONAL STANDARD BOOK NUMBER
International Standard Book Number 9780128014042
035 ## - SYSTEM CONTROL NUMBER
System control number (OCoLC)ocn156111073
040 ## - CATALOGING SOURCE
Original cataloging agency KMU
Transcribing agency KMU
Modifying agency KMU
Language of cataloging eng
Description conventions rda
050 00 - LIBRARY OF CONGRESS CALL NUMBER
Classification number TX371.
Item number .E53 2014
245 00 - TITLE STATEMENT
Title Encyclopedia of meat sciences /
Statement of responsibility, etc. editor-in-chief Werner K. Jensen ; editors Carrick Devine, Michael Dikeman.
260 ## - PUBLICATION, DISTRIBUTION, ETC.
Place of publication, distribution, etc. London:
Name of publisher, distributor, etc. Academic Press,
Date of publication, distribution, etc. 2014.
300 ## - PHYSICAL DESCRIPTION
Extent xxi, 497p.:
Other physical details ill, pictures;
Dimensions 28 cm.
504 ## - BIBLIOGRAPHY, ETC. NOTE
Bibliography, etc. note Includes bibliographical references and index.
505 0# - FORMATTED CONTENTS NOTE
Formatted contents note v. 1. A-F -- v. 2. G-O -- v. 3. P-Z, Index
650 #0 - SUBJECT ADDED ENTRY--TOPICAL TERM
Topical term or geographic name entry element Meat
Form subdivision Encyclopedias.
650 #0 - SUBJECT ADDED ENTRY--TOPICAL TERM
Topical term or geographic name entry element Meat industry and trade
Form subdivision Encyclopedias.
700 1# - ADDED ENTRY--PERSONAL NAME
Personal name Jensen, Werner K.
700 1# - ADDED ENTRY--PERSONAL NAME
Personal name Devine, Carrick.
700 1# - ADDED ENTRY--PERSONAL NAME
Personal name Dikeman, Michael.
906 ## - LOCAL DATA ELEMENT F, LDF (RLIN)
a 7
b cbc
c copycat
d 2
e epcn
f 20
g y-gencatlg
942 ## - ADDED ENTRY ELEMENTS (KOHA)
Source of classification or shelving scheme Library of Congress Classification
Koha item type Non-Fiction
Suppress in OPAC No
Holdings
Withdrawn status Lost status Source of classification or shelving scheme Damaged status Not for loan Collection Home library Current library Shelving location Date acquired Source of acquisition Total Checkouts Full call number Barcode Date last seen Price effective from Koha item type
    Library of Congress Classification     Non-fiction Kapasa Makasa University Kapasa Makasa University Open Access 26.06.2024 Book Aid International   TX371.E53 DIK 300732 26.06.2024 26.06.2024 Non-Fiction
    Library of Congress Classification     Non-fiction Kapasa Makasa University Kapasa Makasa University Open Access 28.06.2024 ZLS   TX371.E53 DIK 300800 28.06.2024 28.06.2024 Non-Fiction